002710000a220007300045001000027000002450096000273000051001237730023001741 aBorjas Borjas, Beatriz10aHacia una lectura de los quinientos años de la conquista desde la perspectiva de género aVol. 11, Num. 1 (Junio, 1991), Páginas 55-610 tVida y pensamiento